000 00872cam a22003133a 4500
001 19839
003 PGUSA
005 20140828083423.0
008 061118s2006||||xxu|||||s|||||000 1 eng d
040 _aPGUSA
_beng
042 _adc
050 4 _aPR
100 1 _aAusten, Jane,
_d1775-1817
245 1 0 _aEmma
_h[electronic resource] /
_cJane Austen
260 _bProject Gutenberg,
_c2006
506 _aPublic domain in the USA.
516 _aElectronic text
653 _aYoung women -- Fiction
653 _aLove stories
653 _aBildungsromans
653 _aMate selection -- Fiction
653 _aEngland -- Fiction
653 _aFemale friendship -- Fiction
653 _aHumorous stories
653 _aFathers and daughters -- Fiction
830 0 _aProject Gutenberg
_v19839
856 4 0 _uhttp://www.gutenberg.org/ebooks/19839
942 _cEB
999 _c249094
_d249094